Normal view MARC view

Entry Topical Term

Number of records used in: 1

001 - CONTROL NUMBER

  • control field: 28686

003 - CONTROL NUMBER IDENTIFIER

  • control field: OSt

005 - DATE AND TIME OF LATEST TRANSACTION

  • control field: 20211102143441.0

008 - FIXED-LENGTH DATA ELEMENTS

  • fixed length control field: 211102|| aca||aabn | a|a d

040 ## - CATALOGING SOURCE

  • Original cataloging agency: OSt
  • Transcribing agency: OSt

150 ## - HEADING--TOPICAL TERM

  • Topical term or geographic name entry element: Multiple or Simultaneous Equation Models, Cross-Sectional Models; Spatial Models; Treatment Effect Models; Quantile Regressions; Social Interaction Models

670 ## - SOURCE DATA FOUND

  • Source citation: Work cat.: (OSt)518219: Imbens, Guido W. 28685, Potential outcome and directed acyclic graph approaches to causality: Relevance for empirical practice in economics

Powered by Koha